01221nam a2200217 b 450000500170000000800410001702000230005804000140008104100060009508200140010110000460011524500630016126000330022430000510025750004290030865000770073770000380081494200360085299900190088895200960090720240725104352.0210817s9999 xx 000 0 und d a9780862032869qpbk aRDAc3228 2E aEKF ZIEB  aZiefert, Harriet and Lobel, Anita9187727 0aA new coat for anna / by cHarriet Ziefert and Anita Lobel aLondon :bDragonfly ;c1986. a[unnumbered] ;bcolour illustrations ,c26 cm. aA New Coat for Anna is a heartwarming story set after World War II. Anna's mother wants to buy her a new coat but cannot find one in stores due to post-war shortages. Instead, she trades her few valuables for the materials needed and engages a spinner, a weaver, and a tailor to create the coat. The book beautifully illustrates the values of resourcefulness and gratitude through Anna’s journey of obtaining her new coat. aChildren's literaturexWorld War II , resourcefulness, gratitude9187728 aLobel, Anitaeillustrator9187729 cBK2ddcy395zKholofelo Moabelo c272363d272362 00104070aSTANLbSTANLd2021-08-19g225.00l0p33228013401391r2021-08-19w2021-08-19yBK